| 000 | 00427nam a2200181Ia 4500 | ||
|---|---|---|---|
| 005 | 20250603144758.0 | ||
| 008 | 250603s9999 xx 000 0 und d | ||
| 020 | _a9789350140567 | ||
| 050 | _aQA 76.9 .D35 .A37/ | ||
| 100 | _aAgrawal, Udit | ||
| 245 | 0 | _aData structure using C | |
| 260 | _aNew Delhi | ||
| 260 | _bS. K. Kataria & sons | ||
| 260 | _c2016 | ||
| 300 | _a558 p | ||
| 650 | _aNew Delhi | ||
| 942 | _cBK | ||
| 999 |
_c39922 _d39922 |
||